Todas las banderas asiáticas - ¡Muerte súbita! - Estadísticas

Estadísticas generales
  • Esta prueba ha sido intentada 20.624 veces
  • La puntuación promedio es 25 de 48
Answers on the Grid
Answers color-coded by a green-red scale on the quiz's grid according to % correct below.
 
Estadísticas de respuestas
Respuesta % Correcto
Corea del Sur
64%
Japón
63%
India
61%
Nepal
61%
China
60%
Corea del Norte
59%
Sri Lanka
59%
Kazajistán
58%
Bután
58%
Arabia Saudita
58%
Catar
58%
Mongolia
57%
Bangladés
57%
Vietnam
57%
Camboya
57%
Irán
57%
Filipinas
56%
Israel
56%
Líbano
55%
Tailandia
55%
Singapur
55%
Pakistán
55%
Afganistán
55%
Malasia
54%
Uzbekistán
54%
Irak
54%
Taiwán
53%
Turkmenistán
52%
Laos
52%
Baréin
52%
Azerbaiyán
51%
Kirguistán
51%
Emiratos Árabes Unidos
50%
Turquía
49%
Tayikistán
49%
Georgia
48%
Siria
47%
Kuwait
47%
Brunéi
47%
Jordania
46%
Maldivas
45%
Omán
45%
Yemen
44%
Myanmar
43%
Armenia
43%
Indonesia
41%
Chipre
38%
Timor Oriental
35%
No se encontraron pruebas coincidentes
Distribución de puntuación
Porcentaje de gente con cada puntuación
Porcentaje por número respondido
Historial de tus puntuaciones
No has intentado esta prueba.